Composition of Trade Australia 1989 Australian Trade with Major Trading Partners and Country Groups by Commodity

Enregistré dans:
Détails bibliographiques
Format: Livre
Langue:anglais
Publié: Canberra Central Statistics Section 1990
Édition:1. ed.
Tags: Ajouter un tag
Pas de tags, Soyez le premier à ajouter un tag!

MARC

LEADER 00000nam a2200000 4500
001 c035587
005 20221215113451.2
041 0 |a eng 
044 |a AU 
245 1 0 |a Composition of Trade Australia 1989  |b Australian Trade with Major Trading Partners and Country Groups by Commodity 
250 |a 1. ed. 
264 1 |a Canberra  |b Central Statistics Section  |c 1990 
300 |a 208 s.